000 00319nam a22001337a 4500
008 170830b xxu||||| |||| 00| 0 eng d
020 _a9780697014702
041 _aeng
080 _a070
100 _a39
101 _aMED
245 _aINTERPERSONAL GROWT THROUGH COMMUNICATION
_cWILSON.G.L
942 _2udc
_cBK
999 _c25579
_d25579